000 00914cam a22002651a 4500
001 hew61000085
003 DLC
005 20260227111511.0
008 840319s1961 dcu b 000 0 eng c
010 _ahew61000085
035 _a(OCoLC)10534604
040 _aU.S. Dept. of Health, Education, and Welfare
_cNj
_dNj
_dOCoLC
_dDLC
042 _apremarc
043 _an-us---
050 0 0 _aLAW <United States>
100 1 _aMcGhehey, M. A.
245 1 0 _aResearch and reporting activities in legal problems of education /
_cby M.A. McGhehey.
260 _aWashington, D.C. :
_bU.S. Dept. of Health, Education, and Welfare, Office of Education,
_c1961.
300 _avii, 21 p. ;
_c23 cm.
500 _a"OE-23011."
504 _aBibliography: p. 20-21.
650 0 _aEducational law and legislation.
650 0 _aEducational law and legislation
_xResearch.
710 1 _aUnited States.
_bOffice of Education.
999 _c34310
_d34310